000 01929cam a2200289 4500500
005 20251228050050.0
041 _afre
042 _adc
100 1 0 _aGrondin, Jean
_eauthor
245 0 0 _aLa fusion des horizons
260 _c2005.
500 _a41
520 _aMême si elle est emblématique de la pensée de Gadamer, la difficile notion d’une « fusion d’horizons » a été assez peu étudiée pour elle-même. Cet article se propose d’en faire ressortir le sens, la portée, mais aussi les difficultés. Il cherche surtout à montrer en quoi cette fusion d’horizons est l’œuvre du langage (lui-même pensé à partir de sa fusion avec l’être) et dans quelle mesure on peut y voir la version gadamérienne de l’adéquation entre l’être et la pensée, suivant la conception classique de la vérité, que Gadamer ne renie jamais.
520 _aClosely linked to the philosophy of Gadamer, the difficult notion of a « fusion of horizons » has seldom been the object of scrutiny. This study aims to sort out its meaning, its consequences, but also its difficulties. It seeks in particular to establish in what sense this fusion can be seen as the accomplishment of language (itself understood out of its fusion with Being) and to what extent it can be viewed as the Gadamerian version of the adequation between Being and thought, which corresponds to the classical notion of truth that Gadamer never relinquishes.
690 _aAdéquation
690 _aFusion d'horizons
690 _aGadamer
690 _aHerméneutique
690 _aVérité
690 _aAdaequatio
690 _aFusion of horizons
690 _aGadamer
690 _aHermeneutics
690 _aTruth
786 0 _nArchives de philosophie | 68 | 3 | 2005-09-01 | p. 401-418 | 0003-9632
856 4 1 _uhttps://shs.cairn.info/revue-archives-de-philosophie-2005-3-page-401?lang=fr&redirect-ssocas=7080
999 _c1579735
_d1579735